[Event "5th Douglas Martinez"]
[Site "Guarenas VEN"]
[Date "2012.10.29"]
[Round "8.4"]
[White "Borges Mateos,J"]
[Black "Vera Gonzalez Quevedo,R"]
[Result "1/2-1/2"]
[WhiteElo "2453"]
[BlackElo "2481"]

1.d4 d5 2.c4 dxc4 3.Nf3 Nf6 4.e3 e6 5.Bxc4 c5 6.O-O a6 7.dxc5 Bxc5 8.Qxd8+ Kxd8
9.Nbd2 Nbd7 10.a3 b5 11.Be2 Bb7 12.Nb3 Bd6 13.Na5 Bd5 14.Nd4 Ke7 15.Nac6+ Kf8
16.Bd2  1/2-1/2

[Event "WY GU16 2012"]
[Site "Maribor SLO"]
[Date "2012.11.10"]
[Round "3.4"]
[White "Nicolas Zapata,I"]
[Black "Cemhan,K"]
[Result "1-0"]
[WhiteElo "2201"]
[BlackElo "2037"]

1.d4 d5 2.Nf3 Nf6 3.c4 dxc4 4.e3 e6 5.Bxc4 c5 6.O-O a6 7.Bb3 Nc6 8.Nc3 cxd4
9.exd4 Na5 10.Bc2 Be7 11.Bg5 O-O 12.Qd2 b5 13.Qf4 Bb7 14.Qh4 g6 15.d5 Bxd5
16.Rad1 Re8 17.Rfe1 Nc6 18.Bb3 Rc8 19.g4 h6 20.Qxh6 Nxg4 21.Qh4 Bxg5 22.Nxg5 Nf6
23.Re3 Ne7 24.Nxe6 fxe6 25.Qxf6 Rf8 26.Nxd5 Rxf6 27.Nxf6+ Kg7 28.Rxd8  1-0

[Event "WY GU18 2012"]
[Site "Maribor SLO"]
[Date "2012.11.10"]
[Round "3.20"]
[White "Vasiljeva,S"]
[Black "Gevorgyan,M"]
[Result "0-1"]
[WhiteElo "1873"]
[BlackElo "2058"]

1.d4 d5 2.c4 dxc4 3.Nf3 Nf6 4.e3 e6 5.Bxc4 c5 6.O-O a6 7.dxc5 Qxd1 8.Rxd1 Bxc5
9.Nbd2 b5 10.Be2 O-O 11.Nb3 Bb6 12.a4 bxa4 13.Rxa4 Bd7 14.Ra1 Bc6 15.Nfd4 Bd5
16.Bf3 Bxf3 17.Nxf3 Nc6 18.Bd2 Rab8 19.Nc1 Rfd8 20.Ne2 Ne4 21.Be1 a5 22.Rac1 Nb4
23.Rxd8+ Rxd8 24.Bxb4 axb4 25.g3 Kf8 26.Kg2 Nc5 27.Rc4 Nd3 28.b3 Ra8 29.Ned4 Ra2
30.Rc2 Ra3 31.Rd2 Nc5 32.Ne5 Ne4 33.Rd3 Ra2 34.Nd7+ Ke8 35.Nxe6 Rxf2+ 36.Kg1 fxe6
37.Nxb6 Re2 38.Nc4 Ng5 39.Ne5 Nh3+ 40.Kf1 Rf2+ 41.Ke1 Rxh2 42.e4 Ng5 43.Rd4 Rg2
44.Rxb4 Rxg3 45.Kf2 Rc3 46.Rb8+ Ke7 47.Rb7+ Kf6 48.Ng4+ Kg6 49.Ne5+ Kh6 50.Rb4 Kh5
51.Ke2 Kh4 52.Kd2 Rc7 53.Rd4 Kg3 54.b4 h5 55.Ke3 h4 56.Nd3 h3 57.Nf2 Rc3+
58.Kd2 Ra3 59.Nxh3 Nf3+ 60.Kc2 Nxd4+  0-1

[Event "FSFMB Nov 2012"]
[Site "Budapest HUN"]
[Date "2012.11.11"]
[Round "8.1"]
[White "Csetneki,M"]
[Black "Mayer,I"]
[Result "1/2-1/2"]
[WhiteElo "1834"]
[BlackElo "2047"]

1.d4 d5 2.c4 dxc4 3.Nf3 Nf6 4.e3 c5 5.Bxc4 e6 6.O-O a6 7.a4 b6 8.dxc5 Bxc5
9.Nc3 Qxd1 10.Rxd1 Bb7 11.Nd4 Ke7 12.b3 Ne4  1/2-1/2

[Event "WY BU16 2012"]
[Site "Maribor SLO"]
[Date "2012.11.11"]
[Round "4.1"]
[White "Sanzhaev,D"]
[Black "Eliseev,U"]
[Result "0-1"]
[WhiteElo "2319"]
[BlackElo "2495"]

1.d4 d5 2.c4 dxc4 3.Nf3 Nf6 4.e3 e6 5.Bxc4 c5 6.O-O a6 7.dxc5 Qxd1 8.Rxd1 Bxc5
9.Be2 Nbd7 10.Nbd2 b6 11.b3 Bb7 12.Bb2 O-O 13.Ne1 Rac8 14.Nd3 Be7 15.Rac1 b5
16.f3 Nd5 17.Kf2 Nc5 18.Nf1 Rfd8 19.e4 Nxd3+ 20.Rxd3 Rxc1 21.Bxc1 Rc8 22.Be3 Nxe3
23.Nxe3 Kf8 24.a4 bxa4 25.bxa4 a5 26.Rb3 Bb4 27.Rb2 Rc1 28.Rc2 Rxc2 29.Nxc2 Bc5+
30.Ne3 Ke7 31.Bb5 Kd6 32.Ke2 Bxe3 33.Kxe3 Kc5 34.Kd3 f5 35.exf5 exf5 36.Ke3 Bd5
37.Bd7 g6 38.h4 Kb4 39.g4 fxg4 40.fxg4 Bb3 41.Kd2 Bxa4 42.Bc8 Kb3 43.Kc1 Kc3
44.Kb1 Bc2+ 45.Ka1 h6 46.Bd7 Be4 47.Ka2 Kd4 48.Kb3 Ke5 49.Kc3 Kf4 50.Kd4 Bb1
51.Kd5 Bc2 52.Kd4 Kg3 53.Kc3 Bb1 54.h5 g5 55.Bf5 Ba2 56.Kd4 Kf4 57.Kc5 Bb3
58.Kb5 a4  0-1

[Event "WY GU16 2012"]
[Site "Maribor SLO"]
[Date "2012.11.12"]
[Round "5.6"]
[White "Rodriguez Rueda,P"]
[Black "Cemhan,K"]
[Result "1/2-1/2"]
[WhiteElo "2220"]
[BlackElo "2037"]

1.d4 d5 2.Nf3 Nf6 3.c4 dxc4 4.e3 e6 5.Bxc4 c5 6.O-O a6 7.Bb3 Nc6 8.Nc3 b5
9.Qe2 Bb7 10.Rd1 Qc7 11.d5 exd5 12.Nxd5 Nxd5 13.Bxd5 Be7 14.b3 O-O 15.Bb2 Rac8
16.Nh4 Bxh4 17.Qg4 Ne5 18.Qxh4 Bxd5 19.Rxd5 Ng6 20.Qg4 Rfd8 21.Rad1 Rxd5
22.Rxd5 Rd8 23.Qd1 Rxd5 24.Qxd5 Qc8 25.g3 h6 26.h4 Nf8 27.Qe5 Ne6 28.f4 Qd7
29.f5 Qd1+ 30.Kg2 Qe2+ 31.Kg1 Qe1+ 32.Kg2 Qe2+ 33.Kg1 Qe1+  1/2-1/2

[Event "Brno Open 2012"]
[Site "Brno CZE"]
[Date "2012.11.13"]
[Round "4"]
[White "Kuchynka,Lub"]
[Black "Snorek,M"]
[Result "1/2-1/2"]
[WhiteElo "2005"]
[BlackElo "2173"]

1.d4 d5 2.c4 dxc4 3.e3 Nf6 4.Bxc4 e6 5.Nf3 c5 6.O-O a6 7.Bb3 Nc6 8.Nc3 Be7
9.dxc5 Qxd1 10.Rxd1 Bxc5 11.Bd2 Ba7 12.Rac1 O-O 13.Be1 Na5 14.Bc2 Nc4 15.Rb1 b5
16.Nd2 Bb7 17.Nxc4 bxc4 18.b3 cxb3 19.Bxb3 Bc6 20.Rd6 Rfc8 21.Bc2 Bc5 22.Rdd1 g6
23.Na4 Ba7 24.Nc3 h5 25.Bd3 Bc5 26.h3 Kf8 27.Ne2 a5 28.Bb5 Be4 29.Bd3 Bd5
30.a4 g5 31.Rb5 Nd7 32.Rxa5 Rxa5 33.Bxa5 Bb3 34.Ra1 Ra8 35.Bb5 Rxa5 36.Bxd7 Bc4
37.Ng3 Ke7 38.Bc6 Kd6 39.Be8 Ke7 40.Bc6 Kd6 41.Be8  1/2-1/2

[Event "WY GU16 2012"]
[Site "Maribor SLO"]
[Date "2012.11.14"]
[Round "7.6"]
[White "Nicolas Zapata,I"]
[Black "Rodriguez Rueda,P"]
[Result "1-0"]
[WhiteElo "2201"]
[BlackElo "2220"]

1.d4 Nf6 2.Nf3 e6 3.e3 d5 4.c4 dxc4 5.Bxc4 c5 6.O-O Nc6 7.Nc3 a6 8.Bb3 Be7
9.dxc5 Qxd1 10.Rxd1 Bxc5 11.Bd2 O-O 12.Rac1 Ba7 13.Be1 Bd7 14.g4 Rfd8 15.g5 Ng4
16.Ne4 Be8 17.Bc3 Nxe3 18.fxe3 Bxe3+ 19.Kg2 Bxc1 20.Rxc1 b5 21.h4 a5 22.h5 a4
23.h6 axb3 24.Bxg7 f5 25.Nf6+ Kf7 26.axb3 Rac8 27.Nxh7 e5 28.g6+ Ke7 29.Bf8+ Kd7
30.Nf6+ Ke6 31.h7  1-0

[Event "WY BU16 2012"]
[Site "Maribor SLO"]
[Date "2012.11.16"]
[Round "9.1"]
[White "Girish,A"]
[Black "Eliseev,U"]
[Result "0-1"]
[WhiteElo "2367"]
[BlackElo "2495"]

1.d4 d5 2.Nf3 Nf6 3.c4 dxc4 4.e3 e6 5.Bxc4 c5 6.O-O a6 7.a4 Nc6 8.Qe2 cxd4
9.Rd1 Be7 10.exd4 O-O 11.Nc3 Nb4 12.Ne5 Bd7 13.Bg5 Bc6 14.Nxc6 bxc6 15.a5 Nfd5
16.Bxe7 Qxe7 17.Ne4 Nc7 18.Ra3 Nbd5 19.Nc5 Nb5 20.Rg3 Rfd8 21.Qh5 g6 22.Qe5 Nf6
23.h4 Nd7 24.Nxd7 Rxd7 25.h5 Qd6 26.Qf6 Qe7 27.Qe5 Qd6 28.Rgd3 Rad8 29.Kf1 Qf8
30.g3 Qg7 31.Kg2 gxh5 32.Qxh5 Rxd4 33.Qh4 R8d6 34.Qe7 Rxd3 35.Bxd3 Qe5 36.Bxh7+ Kg7
37.Rxd6 Nxd6 38.Qh4 Qxa5 39.Bc2 Kf8 40.Qf6 Qd5+ 41.Kg1 Nb5 42.Bg6 e5 43.b4 Nd4
44.Qh8+ Ke7 45.Qh4+ Kd7 46.Be4 Qe6 47.Qh7 Kc7 48.Kg2 Kb7 49.Qg7 Nb5 50.Qg5 Nd6
51.Bf3 f6 52.Qg7+ Qf7 53.Qh8 Qe7 54.Qg8 Nb5 55.Qc4 Qd7 56.Kg1 Qd6 57.Be4 Nc7
58.Bd3 Qd5 59.Qc2 Qd4 60.Bc4 Nd5 61.Bxa6+ Kxa6 62.Qxc6+ Ka7 63.b5 f5 64.Qa6+ Kb8
65.Qd6+ Nc7 66.Qf8+ Kb7 67.Qxf5 Nxb5 68.Kg2 Nd6 69.Qd7+ Kb6 70.Qd8+ Kc5 71.Qc7+ Kb4
72.Qc1 Ne4 73.Qc2 Nd2 74.Qf5 Qd5+ 75.Kh3 Kc3 76.Kh4 Kd4 77.Qf6 Kd3 78.Qf5+ Ke2
79.f4 Qh1+ 80.Kg5 e4 81.Qb5+ Kf2 82.f5 e3 83.f6 Qh7 84.Qb2 Kf3 85.Qe5 Ne4+  0-1

[Event "WY BU16 2012"]
[Site "Maribor SLO"]
[Date "2012.11.17"]
[Round "10.1"]
[White "Narayanan,SL"]
[Black "Eliseev,U"]
[Result "1/2-1/2"]
[WhiteElo "2350"]
[BlackElo "2495"]

1.d4 d5 2.Nf3 Nf6 3.c4 dxc4 4.e3 e6 5.Bxc4 c5 6.O-O a6 7.Bb3 Nc6 8.Nc3 Be7
9.dxc5 Qxd1 10.Rxd1 Bxc5 11.Bd2 O-O 12.Na4 Ba7 13.Rac1 Rd8 14.Be1 Rxd1 15.Bxd1 Bd7
16.Nc5 Bxc5 17.Rxc5 Rd8 18.Rc1 Be8 19.a3 Kf8 20.Bc2 Nd7 21.Bc3 f6 22.Be4 e5
23.Bxc6 bxc6 24.Ba5 Rc8 25.Nd2 Bg6 26.e4 Bf7 27.f3 c5 28.Kf2 Ke7 29.b4 Kd6
30.Ke3 Kc6 31.Nb1 Kb7 32.bxc5 Rxc5 33.Rxc5 Nxc5 34.Nc3 Kc6 35.g3 Nb7 36.Bb4 Nd6
37.Kd3 Bc4+  1/2-1/2

[Event "XXVIII Voivoda Cup"]
[Site "Legnica POL"]
[Date "2012.11.26"]
[Round "7.2"]
[White "Romanishin,O"]
[Black "Mista,A"]
[Result "1-0"]
[WhiteElo "2530"]
[BlackElo "2562"]

1.d4 d5 2.Nf3 Nf6 3.c4 dxc4 4.e3 e6 5.Bxc4 c5 6.O-O a6 7.Bb3 Nc6 8.Nc3 cxd4
9.exd4 Be7 10.Bf4 O-O 11.Rc1 Re8 12.Re1 Na5 13.Bc2 b5 14.a4 b4 15.Ne4 Nd5
16.Bg5 Bxg5 17.Nfxg5 g6 18.Nf3 Bb7 19.Qd2 Kg7 20.Nc5 Nc4 21.Qg5 Nd6 22.Qe5+ Nf6
23.Nxb7 Nxb7 24.Be4 Rb8 25.Bc6 Rf8 26.Bxb7 Rxb7 27.Rc6 Rb6 28.Rc7 Rd6 29.Rec1 Rd5
30.Qxe6 Rd6 31.Qc8 Rxd4 32.Nxd4 Qxd4 33.Qxa6 Qxb2 34.Qd3 Qa2 35.Qc2 Qa3 36.Qc4 Qxa4
37.Rb7 Qa3 38.Rb1 Qc3 39.Qxb4 Qe5 40.Qb2 Re8 41.Qxe5 Rxe5 42.h3 h5 43.Ra7 Rf5
44.Rb4 Ng8 45.g4 hxg4 46.hxg4 Rc5 47.Kg2 Nh6 48.Kg3 g5 49.f3 Ng8 50.Rbb7 Nh6
51.Ra6 Ng8 52.Rab6 Rc3 53.Rb5 Kg6 54.Rf5 f6 55.Rd5  1-0

[Event "Doroshkevicha Mem Open 2012"]
[Site "Sochi RUS"]
[Date "2012.12.02"]
[Round "7"]
[White "Mumdgan,S"]
[Black "Ostrovsky,A"]
[Result "0-1"]
[WhiteElo "2166"]
[BlackElo "2343"]

1.d4 d5 2.c4 dxc4 3.e3 Nf6 4.Bxc4 e6 5.Nf3 c5 6.O-O a6 7.a4 Nc6 8.Nc3 Be7
9.b3 O-O 10.Bb2 cxd4 11.exd4 Nb4 12.Qe2 Bd7 13.Rfe1 Bc6 14.Ne5 Bd5 15.Rad1 Rc8
16.Qd2 Nc6 17.Re3 Bb4 18.Qd3 Ne7 19.Rh3 Bxc3 20.Bxc3 Be4 21.Qe2 Ned5 22.Bd2 Bf5
23.g4 Bg6 24.g5 Ne4 25.Nxg6 Nxd2 26.Nxf8 Nf4 27.Qxd2 Nxh3+ 28.Kg2 Nxg5 29.Nd7 Ne4
30.Qf4 Nc3 31.Rc1 Rxc4 32.bxc4 Ne2 33.Nf6+ Kh8  0-1

[Event "Lleida IM Closed 2012"]
[Site "Lleida ESP"]
[Date "2012.12.08"]
[Round "4.5"]
[White "Monell Camarasa,D"]
[Black "Jose Queralto,D"]
[Result "0-1"]
[WhiteElo "2259"]
[BlackElo "2181"]

1.d4 d5 2.Nf3 Nf6 3.c4 dxc4 4.e3 e6 5.Bxc4 c5 6.O-O Nc6 7.Re1 cxd4 8.exd4 Be7
9.Nc3 O-O 10.Bf4 Na5 11.Bd3 b6 12.Ne5 Bb7 13.g4 Nd5 14.Bg3 Bg5 15.Ne4 Bf4
16.g5 Bxg5 17.Qh5 h6 18.Ng6 fxg6 19.Qxg6 Qe8 20.Nd6 Qxg6 21.Bxg6 Ne7 22.Nxb7 Nxb7
23.Bd3 Nf5 24.Be5 Rad8 25.Ba6 Nbd6 26.f4 Bf6 27.Rad1 Kf7 28.Rd2 g5 29.d5 exd5
30.Rxd5 Rfe8 31.Red1 Ke6 32.Bd3 Ne3 33.Bg6 Nxd1 34.Rxd1 Rg8 35.Bxd6 Rxg6  0-1

[Event "4th London Classic Open"]
[Site "London ENG"]
[Date "2012.12.08"]
[Round "8"]
[White "Gibson,Ch"]
[Black "Harari,Z"]
[Result "0-1"]
[WhiteElo "1975"]
[BlackElo "2143"]

1.d4 d5 2.c4 dxc4 3.Nf3 Nf6 4.e3 e6 5.Bxc4 c5 6.O-O cxd4 7.exd4 Be7 8.Qe2 O-O
9.Nc3 Nc6 10.Rd1 Na5 11.Bd3 b6 12.Bg5 Bb7 13.Ne5 h6 14.Be3 a6 15.Re1 b5 16.Rad1 Rc8
17.a3 Nd5 18.Ne4 f5 19.Nc5 Bxc5 20.dxc5 Nb3 21.c6 Bxc6 22.Bc2 Na5 23.Bb1 Ba8
24.Ba2 Re8 25.Qh5 Qf6 26.Bd4 Nf4  0-1

[Event "4th London Classic Open"]
[Site "London ENG"]
[Date "2012.12.09"]
[Round "9"]
[White "Kocwin,B"]
[Black "Varnam,L"]
[Result "1-0"]
[WhiteElo "2226"]
[BlackElo "2140"]

1.Nf3 d5 2.e3 Nf6 3.d4 e6 4.c4 dxc4 5.Bxc4 c5 6.O-O a6 7.dxc5 Bxc5 8.Qxd8+ Kxd8
9.Be2 Nc6 10.Nc3 Ke7 11.Na4 Ba7 12.b3 b5 13.Ba3+ b4 14.Bb2 Bb7 15.Rac1 Rac8
16.Nc5 Bxc5 17.Rxc5 Rhd8 18.Rfc1 g6 19.h3 Rd5 20.R5c2 Ra5 21.Nd4 Nxd4 22.Bxd4 Rxc2
23.Rxc2 Nd7 24.f3 Kd6 25.e4 e5 26.Be3 Nb8 27.Bb6 Nc6 28.Rxc6+  1-0

[Event "5th Kolkata Open"]
[Site "Kolkata IND"]
[Date "2012.12.11"]
[Round "9.12"]
[White "Swapnil,SD"]
[Black "Lintchevski,D"]
[Result "1-0"]
[WhiteElo "2438"]
[BlackElo "2553"]

1.d4 d5 2.Nf3 Nf6 3.c4 dxc4 4.e3 e6 5.Bxc4 c5 6.O-O a6 7.dxc5 Bxc5 8.Qxd8+ Kxd8
9.Ne5 Ke7 10.Be2 Nbd7 11.Nc4 Ra7 12.Nbd2 b5 13.Na5 Rc7 14.a4 bxa4 15.Ndc4 Nb8
16.Rxa4 Bd7 17.Ra1 Bb5 18.b3 Nd5 19.Bb2 f6 20.Rfc1 Rhc8 21.Bf1 Nd7 22.Na3 Bxf1
23.Kxf1 Bb4 24.Rxc7 Rxc7 25.N3c4 Nc5 26.Bd4 e5 27.Bxc5+ Rxc5 28.e4 Nf4 29.g3 Ne6
30.Ra4 Bxa5 31.Nxa5 Nd4 32.Ra2 h5 33.h4 g5 34.Ra1 g4 35.b4 Rc7 36.Rb1 Rc3
37.Ra1 Rc7 38.Rb1 Rc2 39.Nb3 Nf3 40.Ra1 Rc4 41.Nc5 Rxb4 42.Rxa6 Rb1+ 43.Ke2 Rb2+
44.Kf1 Rc2 45.Ra7+ Kd6 46.Nd3 Nd2+ 47.Ke1 Nxe4 48.Ra4 Rc3 49.Rxe4 Rxd3 50.Ra4 Ke6
51.Ra8 Kf7 52.Ra7+ Kg6 53.Re7 Rd8 54.Ke2 Rh8 55.Ke3 Kf5 56.Ra7 Rb8 57.Rh7 Rb3+
58.Ke2 Ke4 59.Rxh5 Rb2+ 60.Kf1 f5 61.Kg1 f4 62.gxf4 exf4 63.Ra5 Kf3 64.Ra3+ Ke2
65.Kg2 Ke1 66.Ra1+ Ke2 67.Ra4 f3+ 68.Kg3 Kf1 69.Ra1+ Ke2 70.h5 Rb5 71.Rh1 Rb7
72.h6 Rh7 73.Rh2 Kf1 74.Kxg4 Kg1 75.Kg3  1-0

[Event "4th Penang Heritage City Open"]
[Site "Penang MAS"]
[Date "2012.12.11"]
[Round "1.45"]
[White "Ajeet Singh,Roshan"]
[Black "Wee,C"]
[Result "1/2-1/2"]
[WhiteElo "2017"]
[BlackElo "2003"]

1.d4 d5 2.c4 dxc4 3.Nf3 Nf6 4.e3 e6 5.Bxc4 c5 6.O-O a6 7.a4 Nc6 8.Qe2 Qc7
9.Nc3 cxd4 10.exd4 Be7 11.Rd1 O-O 12.Bg5 Rd8 13.d5 exd5 14.Nxd5 Nxd5 15.Bxd5 Bg4
16.Bxe7 Nxe7 17.Bxf7+ Kh8 18.Rxd8+ Rxd8 19.Re1 Bxf3 20.Qxf3 Rf8 21.Qb3 Qf4
22.Qxb7 Rxf7 23.f3 h6 24.Qxa6 Qd4+ 25.Kf1 Kh7 26.Qe6 Qd3+ 27.Kf2 Qd2+ 28.Kf1 Qd3+
29.Kf2 Qd4+ 30.Kf1 Qf4 31.Re4 Qc1+ 32.Re1 Qf4 33.Re4 Qc1+ 34.Re1 Qf4  1/2-1/2

[Event "Lleida IM Closed 2012"]
[Site "Lleida ESP"]
[Date "2012.12.12"]
[Round "9.3"]
[White "Esplugas Esteve,V1"]
[Black "Jose Queralto,D"]
[Result "1/2-1/2"]
[WhiteElo "2233"]
[BlackElo "2181"]

1.d4 d5 2.c4 dxc4 3.Nf3 Nf6 4.e3 e6 5.Bxc4 c5 6.Nc3 Nc6 7.O-O cxd4 8.exd4 Be7
9.Re1 O-O 10.a3 a6 11.Bd3 b5 12.Bc2 Ra7 13.Be3 Rd7 14.Qe2 Bb7 15.Rad1 Qc7
16.d5 Nxd5 17.Nxd5 Rxd5 18.Rxd5 exd5 19.Bg5  1/2-1/2

[Event "6th Augusta Aragon Open"]
[Site "Zaragoza ESP"]
[Date "2012.12.27"]
[Round "6.5"]
[White "Arizmendi Martinez,J"]
[Black "Lana Rodriguez,D"]
[Result "1-0"]
[WhiteElo "2576"]
[BlackElo "2300"]

1.d4 d5 2.c4 dxc4 3.Nf3 Nf6 4.e3 e6 5.Bxc4 c5 6.O-O cxd4 7.Nxd4 a6 8.Nc3 Be7
9.e4 Qc7 10.Qe2 b5 11.Bb3 e5 12.Nd5 Nxd5 13.Bxd5 Bb7 14.Nf5 Bxd5 15.Nxg7+ Kf8
16.Bh6 Qc4 17.Qg4 Nc6 18.Ne6+ Ke8 19.Nc7+ Kd8 20.Nxd5 Nd4 21.Rac1 Ne2+ 22.Kh1 Nxc1
23.Rxc1 Qxa2 24.Rd1  1-0

[Event "Pan-Am Intercollegiate 2012"]
[Site "Princeton USA"]
[Date "2012.12.28"]
[Round "2"]
[White "Banawa,Jou"]
[Black "Pacheco,Jua"]
[Result "1-0"]
[WhiteElo "2307"]
[BlackElo "2061"]

1.d4 d5 2.c4 dxc4 3.Nf3 Nf6 4.e3 e6 5.Bxc4 c5 6.O-O Qc7 7.Qe2 Nbd7 8.e4 a6
9.e5 b5 10.exf6 bxc4 11.fxg7 Bxg7 12.Qxc4 Bb7 13.Nbd2 Ke7 14.b3 Rag8 15.Ba3 Bxd4
16.Qxd4 h5 17.Rfc1 Ke8 18.Bxc5 Rh7 19.Bd6 Qd8 20.Rc7 Rg4 21.Qd3 Rhg7 22.g3 h4
23.Rac1 hxg3 24.hxg3 Qa8 25.Rxb7 Qxb7 26.Rc7 Qa8 27.Qc3 Kd8 28.Rxd7+  1-0

[Event "XLII Rilton Cup"]
[Site "Stockholm SWE"]
[Date "2013.01.03"]
[Round "7.14"]
[White "Akesson,R"]
[Black "Dimitrijevic,R"]
[Result "1-0"]
[WhiteElo "2441"]
[BlackElo "2293"]

1.Nf3 d5 2.d4 Nf6 3.c4 dxc4 4.e3 e6 5.Bxc4 c5 6.O-O a6 7.Bb3 b5 8.a4 b4 9.e4 cxd4
10.e5 Ne4 11.Nxd4 Bb7 12.a5 Nc5 13.Bc4 Qc7 14.Qe2 Nc6 15.Nxc6 Qxc6 16.f3 Nd7
17.Bf4 Be7 18.Nd2 Rc8 19.b3 Nc5 20.Rfc1 O-O 21.Nf1 Rfd8 22.Bd2 Nd7 23.Kh1 Ra8
24.Bd3 Qd5 25.Rc7 Nxe5 26.Bxh7+ Kxh7 27.Rxe7 Nd3 28.Be3 Bc6 29.Rxf7 Qe5 30.Ra2 Kg8
31.Re7 Kf8 32.Ra7 Rxa7 33.Bxa7 Qxe2 34.Rxe2 Nc1 35.Bc5+ Kf7 36.Rd2 Rb8 37.Bd6 Rb7
38.Rc2 Nxb3 39.Rxc6 Nxa5 40.Rxa6 b3 41.Be5 Nc4 42.Bc3 b2 43.Bxb2 Rxb2 44.Ra1 Rc2
45.Re1 Nd6 46.Ne3 Ra2 47.Rd1 Nf5 48.Nf1 Re2 49.Kg1 Ne3 50.Nxe3 Rxe3 51.Kf2 Ra3
52.h4 Ra2+ 53.Kg3 Kf6 54.Re1 Kf5 55.Re4 e5 56.Kh3 g6 57.g4+ Kf6 58.Rb4 Ra6
59.Kg3 Rc6 60.Rb7 Ra6 61.g5+ Ke6 62.Rg7 Kd5 63.Rf7 Rb6 64.Rf8 Ra6 65.h5 gxh5
66.Kh4 e4 67.Rf5+ Kd4 68.fxe4 Kxe4 69.Rb5 Ra1 70.Kxh5 Rh1+ 71.Kg6 Rh2 72.Kg7 Rh5
73.Kf6 Kd4 74.Rb1 Rh2 75.Rf1 Ra2 76.g6 Ra6+ 77.Kg5 Ra7 78.Kh6  1-0

[Event "VII Magistral da Hebraica"]
[Site "Sao Paulo BRA"]
[Date "2013.01.08"]
[Round "4.5"]
[White "Aranha Filho,A"]
[Black "Viana da Costa,F"]
[Result "1-0"]
[WhiteElo "2270"]
[BlackElo "2277"]

1.d4 d5 2.c4 dxc4 3.Nf3 Nf6 4.e3 e6 5.Bxc4 c5 6.O-O a6 7.dxc5 Bxc5 8.Qe2 O-O
9.e4 Nc6 10.e5 Nd7 11.Bd3 Be7 12.Nc3 Nc5 13.Bb1 Qc7 14.Bf4 Bd7 15.a3 g6 16.Bc2 a5
17.Rfe1 Rfd8 18.Rad1 Nb4 19.Bb1 Nba6 20.Ng5 Bc6 21.Rxd8+ Bxd8 22.Qg4 h6 23.Nf3 h5
24.Qg3 b5 25.Nd4 b4 26.Ncb5 Bxb5 27.Nxb5 Qe7 28.Nd6 Nc7 29.Bh6 Kh7 30.Be3 Nd7
31.Qf3 Nxe5 32.Qxh5+ Kg8 33.Qxe5 Nd5 34.Bd4  1-0

[Event "6th Gora Sw Anny OpA"]
[Site "Gora Swietej Anny POL"]
[Date "2013.01.28"]
[Round "4.1"]
[White "Malaniuk,V"]
[Black "Mista,A"]
[Result "1/2-1/2"]
[WhiteElo "2529"]
[BlackElo "2558"]

1.d4 d5 2.c4 dxc4 3.e3 Nf6 4.Bxc4 e6 5.Nf3 c5 6.O-O a6 7.dxc5 Qxd1 8.Rxd1 Bxc5
9.Nbd2 b6 10.Be2 Bb7 11.Nb3 Be7 12.Nfd4 Nbd7 13.f3 Rc8 14.Bd2 g6 15.Rac1 O-O
16.e4 Rxc1 17.Rxc1 Bd6 18.Be3 e5 19.Nc2 Rc8 20.Ne1 Rxc1 21.Nxc1 Bc5 22.Kf2 Ne8
23.Nc2 Nd6 24.Nb3 Bxe3+ 25.Nxe3 Kg7 26.Nc4 Nxc4 27.Bxc4 Kf6 28.h4 Ke7 29.Ke3 h6
30.Nc1 f5 31.exf5 gxf5 32.g3 Kf6 33.b4 Nf8 34.Ne2 Ng6 35.f4 exf4+ 36.Nxf4 Nxf4
37.gxf4 Ke7 38.Kd4 Kd6 39.a3  1/2-1/2

[Event "6th Gora Sw Anny OpA"]
[Site "Gora Swietej Anny POL"]
[Date "2013.01.31"]
[Round "7.2"]
[White "Kveinys,A"]
[Black "Mista,A"]
[Result "1/2-1/2"]
[WhiteElo "2527"]
[BlackElo "2558"]

1.d4 d5 2.Nf3 Nf6 3.c4 dxc4 4.e3 e6 5.Bxc4 c5 6.O-O a6 7.dxc5 Qxd1 8.Rxd1 Bxc5
9.Be2 b6 10.b3 Bb7 11.Bb2 Nbd7 12.Nbd2 O-O 13.Nc4 Bd5 14.Bd4 Rfc8 15.Nfe5 b5
16.Nxd7 Nxd7 17.Bxc5 Rxc5 18.Nd6 Nf6 19.Rac1 Rxc1 20.Rxc1 g6 21.Nc8 Bb7 22.Nd6 Bd5
23.Nc8 Bb7 24.Nd6 Bd5 25.Nc8  1/2-1/2

[Event "Chess Classic ELO Open 2013"]
[Site "Baden-Baden GER"]
[Date "2013.02.09"]
[Round "3.15"]
[White "Ditmas,H"]
[Black "Berndt,Ma"]
[Result "0-1"]
[WhiteElo "1996"]
[BlackElo "2136"]

1.d4 d5 2.c4 dxc4 3.Nf3 Nf6 4.e3 e6 5.Bxc4 c5 6.O-O Nc6 7.dxc5 Qxd1 8.Rxd1 Bxc5
9.Nc3 a6 10.b3 b5 11.Be2 Bb7 12.Bb2 Rc8 13.Rac1 Ba7 14.Bxb5 axb5 15.Nxb5 Bb8
16.Ba3 Nd5 17.Rd2 Ba6 18.Nd6+ Bxd6 19.Bxd6 f6 20.e4 Nde7 21.h3 Kf7 22.b4 Rhd8
23.a4 Na7 24.Rxc8 Naxc8 25.Bc5 Ke8 26.Rxd8+ Kxd8 27.Nd4 Bc4 28.b5 Kc7 29.f4 Nd6
30.b6+ Kd7 31.e5 Nb7 32.Bb4 Nd5 33.Bf8 fxe5 34.fxe5 g6 35.Nf3 Nxb6 36.Bh6 Nxa4
37.Ng5 Nd8 38.Nxh7 Nf7 39.Bf4 Bd3 40.Kf2 Nc3 41.Nf6+ Kc6 42.h4 Nd5 43.Bh2 Nxf6
44.exf6 Kd5 45.g4 Ke4 46.Bc7 e5 47.g5 Kf4 48.h5 gxh5  0-1

[Event "73rd Noteboom Mem"]
[Site "Leiden NED"]
[Date "2013.02.10"]
[Round "4.4"]
[White "Hoeksema,E"]
[Black "Rausis,I"]
[Result "1/2-1/2"]
[WhiteElo "2352"]
[BlackElo "2518"]

1.d4 d5 2.c4 dxc4 3.Nf3 Nf6 4.e3 c5 5.Bxc4 e6 6.O-O Nc6 7.Qe2 cxd4 8.Rd1 Be7
9.exd4 O-O 10.Nc3 Na5 11.Bd3 b6 12.Bg5 Bb7 13.h4 a6 14.d5 exd5 15.Nd4 Re8
16.Nf5 Bf8 17.Qf3 Re6 18.Nd4 Re5 19.Nf5 Re6 20.Nd4 Re5 21.Nf5 Re6  1/2-1/2

[Event "77th ch-BUL SF 2013"]
[Site "Plovdiv BUL"]
[Date "2013.02.15"]
[Round "7.5"]
[White "Enchev,I"]
[Black "Nikolov,J"]
[Result "1-0"]
[WhiteElo "2441"]
[BlackElo "2092"]

1.d4 d5 2.Nf3 Nf6 3.c4 dxc4 4.e3 e6 5.Bxc4 c5 6.O-O a6 7.Nc3 Nc6 8.Qe2 Qc7
9.Rd1 Be7 10.d5 exd5 11.Nxd5 Nxd5 12.Bxd5 O-O 13.Bd2 b5 14.Rac1 Bb7 15.e4 Rad8
16.b3 h6 17.h3 Rfe8 18.Qe1 Bd6 19.Be3 Nb4 20.Bxb7 Qxb7 21.a3 Nc6 22.Bxc5 Bxc5
23.Rxc5 Rxd1 24.Qxd1 Rxe4 25.Qd5 Re6 26.b4 Qc7 27.g3 Rd6 28.Qe4 Qd7 29.Kg2 g6
30.h4 h5 31.Ng5 Kg7 32.Qf3 Nd8 33.Qc3+ Kg8 34.Ne4 Qb7 35.f3 Re6 36.Rc8 Qd7
37.Ra8 Kf8 38.Qc5+ Ke8 39.Ra7 Qd3 40.Nf6+  1-0

[Event "VI Karkonosze Open A"]
[Site "Karpacz POL"]
[Date "2013.02.17"]
[Round "2.1"]
[White "Malaniuk,V"]
[Black "Piotrowski,P"]
[Result "1-0"]
[WhiteElo "2515"]
[BlackElo "1996"]

1.d4 d5 2.c4 dxc4 3.Nf3 Nf6 4.e3 e6 5.Bxc4 c5 6.O-O a6 7.dxc5 Bxc5 8.Qe2 Qc7
9.e4 Nc6 10.e5 Ng4 11.Bf4 f6 12.Nbd2 Ngxe5 13.Nxe5 fxe5 14.Bg3 O-O 15.Rac1 Qb6
16.Bd3 Bd4 17.Nc4 Qd8 18.Rfd1 Bd7 19.Be4 Qg5 20.Bf3 Rac8 21.Kh1 Be8 22.Nd6 Rc7
23.Nxe8 Rxe8 24.Be4 Rf8 25.Rc4 Rcf7 26.f3 Rf6 27.Bxc6 Qxg3 28.Bxb7 Rh6 29.h3 g5
30.Rcxd4 exd4 31.Rxd4 e5 32.Rg4 Rxh3+ 33.gxh3 Qxh3+ 34.Kg1  1-0

[Event "TCh-HUN 2012-13"]
[Site "Nagykanizsa HUN"]
[Date "2013.02.17"]
[Round "7"]
[White "Flumbort,A"]
[Black "Ruck,T"]
[Result "1/2-1/2"]
[WhiteElo "2503"]
[BlackElo "2296"]

1.d4 d5 2.Nf3 Nf6 3.c4 dxc4 4.e3 e6 5.Bxc4 c5 6.O-O a6 7.Bb3 Nc6 8.dxc5 Qxd1
9.Rxd1 Bxc5 10.Nc3 b5 11.Ng5 Bb7 12.a4 b4 13.Nce4 Be7 14.Nd6+ Bxd6 15.Rxd6 h6
16.Nf3 Ne4 17.Rd1 Ke7 18.a5 Rhd8 19.Nd2 Nc5 20.Bc2 Rd5 21.Kf1 Rad8 22.Ke2 Ne5
23.f4  1/2-1/2

[Event "e2e4 Brighton Masters 2013"]
[Site "Brighton ENG"]
[Date "2013.02.20"]
[Round "9"]
[White "Jackson,J"]
[Black "Player,E"]
[Result "1/2-1/2"]
[WhiteElo "2233"]
[BlackElo "2248"]

1.d4 d5 2.c4 dxc4 3.e3 Nf6 4.Bxc4 e6 5.Nf3 c5 6.O-O a6 7.Bb3 Nc6 8.Nc3 Qc7
9.Qe2 Bd6 10.dxc5 Bxc5 11.Rd1 O-O 12.h3 b6 13.e4 Nd7 14.Be3 Bb7 15.Na4 Bxe3
16.Qxe3 b5 17.Nc5 Nxc5 18.Qxc5 Rac8 19.Rac1  1/2-1/2

[Event "Moscow Gov Cup A Rapid"]
[Site "Moscow RUS"]
[Date "2013.02.20"]
[Round "9.1"]
[White "Balashov,Y"]
[Black "Dragomarezkij,E"]
[Result "1/2-1/2"]
[WhiteElo "2481"]
[BlackElo "2363"]

1.d4 d5 2.c4 dxc4 3.Nf3 Nf6 4.e3 e6 5.Bxc4 c5 6.O-O cxd4 7.exd4 Be7 8.Nc3 O-O
9.Bg5 Nbd7 10.Re1 Nb6 11.Bb3 Bd7 12.Ne5 Bc6 13.Qd3 Nbd5 14.Rad1 Rc8 15.Qh3 Qd6
16.Bxf6 Bxf6 17.Ne4 Qe7 18.Bxd5 Bxd5 19.Nxf6+ gxf6 20.Ng4 f5 21.Nh6+ Kh8
22.Nxf5 Qf6 23.Ne3 Bxa2 24.Ra1 Bc4 25.Rxa7 Ba6 26.d5 exd5 27.Nxd5 Qxb2 28.Qe3 Rfe8
29.Ne7 Rcd8 30.h4 Qf6 31.h5 h6 32.g3 Kg7 33.Qa3 Rd7 34.Nf5+ Qxf5 35.Qa1+ f6
36.Rxe8 Qxh5 37.Re1 Qg4 38.Qc3 Bb5 39.Ra8 Bc6 40.Qc5 Rf7 41.Ra6 Qf3 42.Rxc6 Qxc6
43.Qd4 Qb5 44.Re4 Rd7 45.Rg4+ Kf7 46.Qf4 Rd1+ 47.Kh2 Qd5 48.Qc7+ Qd7 49.Qc4+ Qd5
50.Qc7+ Ke6 51.Qc8+ Kd6 52.Qd8+ Kc5 53.Qa5+  1/2-1/2